000 00904nam a2200277Ia 4500
001 Z_4027
003 CHAP
008 220113s2001 xx 000 0 und d
010 _a167087
040 _cCHAP
090 _aTesis C 1547
100 _aCadena Lira, José
_917049
245 _aEvaluación de tres variedades de ballico anual (Lolium multiflorum Lam) en un sistema de producción de leche en pastoreo en Chapingo, México /
_cpor José Cadena Lira y Sergio Ibán Mendoza Pedroza
260 _aChapingo, Méx. :
_bEl autor,
_c2001
300 _a61 h.
502 _aTesis (Ing. Agr. Esp. en Zootecnia) -- UACH. Departamento de Zootecnia
650 _aForrajes
_xRendimiento
_942593
650 _aLolium multiflorum
_967504
700 _aMendoza Pedroza, Sergio Ibán
_974719
901 _aTESIS C 1547
902 _aM
910 _a2001
942 _c2
942 _c2
999 _c167087
_d167087